000 00501nam a2200181Ia 4500
008 100920s9999 xx 000 0 und d
082 _b65898
_a24 थ 80
100 _aभावे पु. भा.
245 _aगूढकथा.
260 _bसंजय प्रकाशन,पुणे.
_c1980
300 _a148
_bसाधी
365 _b18
520 _aसायो.
630 _aगूढकथा.
650 _aसायो.
730 _aगूढकथा.
942 _cBOOK
999 _c708599
_d708596